| 000 | 00986cam a22002773a 4500 | ||
|---|---|---|---|
| 001 | 32286 | ||
| 003 | PGUSA | ||
| 005 | 20140828083711.0 | ||
| 008 | 100507s2010||||xxu|||||s|||||000 | eng d | ||
| 040 |
_aPGUSA _beng |
||
| 042 | _adc | ||
| 050 | 4 | _aDA | |
| 245 | 1 | 2 |
_aA Letter to Lord Robert Bertie : _bRelating to His Conduct in the Mediterranean, and His Defence of Admiral Byng _h[electronic resource] / _cAnonymous |
| 260 |
_bProject Gutenberg, _c2010 |
||
| 506 | _aPublic domain in the USA. | ||
| 516 | _aElectronic text | ||
| 653 | _aBertie, Robert, Lord, 1721-1782 | ||
| 653 | _aMinorca (Spain) -- History -- Invasions | ||
| 653 | _aByng, John, 1704-1757 | ||
| 653 | _aAnglo-French War, 1755-1763 -- Naval operations | ||
| 653 | _aAdmirals -- Great Britain -- Biography -- Early works to 1800 | ||
| 653 | _aGreat Britain. Royal Navy -- History -- 18th century | ||
| 830 | 0 |
_aProject Gutenberg _v32286 |
|
| 856 | 4 | 0 | _uhttp://www.gutenberg.org/ebooks/32286 |
| 942 | _cEB | ||
| 999 |
_c261541 _d261541 |
||